Developing Proofreading and Editing Skills. (Record no. 4948)

MARC details
005 - DATE AND TIME OF LATEST TRANSACTION
control field 20250625080209.0
020 ## - INTERNATIONAL STANDARD BOOK NUMBER
International Standard Book Number 0-02-805002-9
082 ## - DEWEY DECIMAL CLASSIFICATION NUMBER
Classification number 808.02 CAM
100 ## - MAIN ENTRY--PERSONAL NAME
Author name CAMP, S. C.
245 ## - TITLE STATEMENT
Title Developing Proofreading and Editing Skills.
250 ## - EDITION STATEMENT
Edition statement 4th Ed.
260 ## - PUBLICATION, DISTRIBUTION, ETC.
Place of publication, distribution, etc. New York,
Name of publisher, distributor, etc. McGraw Hill,
Date of publication, distribution, etc. 2001.
300 ## - PHYSICAL DESCRIPTION
Extent x, 390p.:
Other physical details Index
Dimensions 28cm
942 ## - ADDED ENTRY ELEMENTS (KOHA)
Source of classification or shelving scheme Dewey Decimal Classification
Koha item type Books
Holdings
Date last seen Total checkouts Full call number Barcode Cost, replacement price Price effective from Koha item type Lost status Source of classification or shelving scheme Damaged status Not for loan Withdrawn status Home library Current library Shelving location Date acquired Cost, normal purchase price
06/25/2025   808.02 CAM DOM0002857 90000.00 06/25/2025 Books   Dewey Decimal Classification       CBE Dodoma CBE Dodoma General Collection 03/10/2004 30000.00
06/25/2025   808.02CAM DOM0002828 90000.00 06/25/2025 Books   Dewey Decimal Classification       CBE Dodoma CBE Dodoma General Collection 03/10/2004 30000.00
06/25/2025   808.02CAM DOM0002829 90000.00 06/25/2025 Books   Dewey Decimal Classification       CBE Dodoma CBE Dodoma General Collection 03/10/2004 30000.00
06/25/2025   808.02CAM DOM0002830 90000.00 06/25/2025 Books   Dewey Decimal Classification       CBE Dodoma CBE Dodoma General Collection 03/10/2004 30000.00
06/25/2025   808.02CAM DOM0002835 90000.00 06/25/2025 Books   Dewey Decimal Classification       CBE Dodoma CBE Dodoma General Collection 03/10/2004 30000.00